The seals on the bus / (Record no. 8495)

MARC details
000 -LEADER
fixed length control field 01128cam a2200337 a 4500
001 - CONTROL NUMBER
control field 8495
003 - CONTROL NUMBER IDENTIFIER
control field FISKH
005 - DATE AND TIME OF LATEST TRANSACTION
control field 20251205085441.0
008 - FIXED-LENGTH DATA ELEMENTS--GENERAL INFORMATION
fixed length control field 990614s2000 nyua a 000 0 eng
010 ## - LIBRARY OF CONGRESS CONTROL NUMBER
LC control number 99033612
020 ## - INTERNATIONAL STANDARD BOOK NUMBER
International Standard Book Number 0805059520
Qualifying information hc : alk. paper
020 ## - INTERNATIONAL STANDARD BOOK NUMBER
International Standard Book Number 9780805059526
Qualifying information (hc : alk. paper)
040 ## - CATALOGING SOURCE
Original cataloging agency DLC
Transcribing agency DLC
Modifying agency DLC
Language of cataloging eng
050 00 - LIBRARY OF CONGRESS CALL NUMBER
Classification number PZ8.3.H7875
Item number Se 2000
082 00 - DEWEY DECIMAL CLASSIFICATION NUMBER
Classification number 782.42164/0268
Edition number 21
100 1# - MAIN ENTRY--PERSONAL NAME
Personal name Hort, Lenny.
245 14 - TITLE STATEMENT
Title The seals on the bus /
Statement of responsibility, etc. by Lenny Hort ; illustrated by G. Brian Karas.
260 ## - PUBLICATION, DISTRIBUTION, ETC.
Place of publication, distribution, etc. New York :
Name of publisher, distributor, etc. Scholastic,
Date of publication, distribution, etc. 2000.
300 ## - PHYSICAL DESCRIPTION
Extent 30 unnumbered pages :
Other physical details color illustrations ;
Dimensions 26 cm
505 ## - FORMATTED CONTENTS NOTE
Formatted contents note NP<br/>
520 ## - SUMMARY, ETC.
Summary, etc. Different animals--including seals, tigers, geese, rabbits, monkeys, and more--make their own sounds as they ride all around the town on a bus.
650 #0 - SUBJECT ADDED ENTRY--TOPICAL TERM
Topical term or geographic name entry element Children's songs, English
Form subdivision Texts.
650 #1 - SUBJECT ADDED ENTRY--TOPICAL TERM
Topical term or geographic name entry element American songs.
650 #1 - SUBJECT ADDED ENTRY--TOPICAL TERM
Topical term or geographic name entry element Animal sounds.
650 #1 - SUBJECT ADDED ENTRY--TOPICAL TERM
Topical term or geographic name entry element Buses.
650 #1 - SUBJECT ADDED ENTRY--TOPICAL TERM
Topical term or geographic name entry element Song texts.
700 1# - ADDED ENTRY--PERSONAL NAME
Personal name Karas, G. Brian,
Relator term illustrator
906 ## - LOCAL DATA ELEMENT F, LDF (RLIN)
a 7
b cbc
c orignew
d 1
e ocip
f 19
g y-gencatlg
942 ## - ADDED ENTRY ELEMENTS (KOHA)
Source of classification or shelving scheme Dewey Decimal Classification
Koha item type Books
Suppress in OPAC No
Holdings
Withdrawn status Lost status Source of classification or shelving scheme Damaged status Not for loan Collection Home library Current library Shelving location Date acquired Total Checkouts Full call number Barcode Date last seen Copy number Price effective from Koha item type
    Dewey Decimal Classification     Juvenile Fiction Footprints International School Library Network Toul Tom Poung Campus Footprints International School Library Network Toul Tom Poung Campus TTP Primary Green Bookshelves 09/16/2025   HOR 782.42164 PZ8.H7875 S FIS01946 09/16/2025 1 09/16/2025 Books
    Dewey Decimal Classification     Juvenile Fiction Footprints International School Library Network Toul Tom Poung Campus Footprints International School Library Network Toul Tom Poung Campus TTP Primary Green Bookshelves 12/05/2025   HOR 782.42164 PZ8.H7875 S FISBK05802 12/05/2025 2 12/05/2025 Books